000 00266nam a22001217a 4500
008 170928b xxu||||| |||| 00| 0 eng d
041 _aeng
080 _a37
100 _a47
101 _aEDU
245 _aETHICS IN THE UNDERSTANDING
_cROSEN.B
942 _2udc
_cBK
999 _c30570
_d30570